000 00558nam a2200205Ia 4500
001 15581
003 GE_BSU
008 181216s||||||||xx |||||||||||||| ||und||
040 _cGE_BSU
100 _aჩიქოვანი, სიმონ
245 _aჩემი მამული
245 _bლექსები
260 _aთბილისი
260 _bსახელგამი
260 _c1944
300 _a208გვ. ; 20სმ
653 _aლექსები
653 _aჩემი მამული
942 _cBK
999 _c48681
_d48681